Wikipedia-Artikel nach ersten Sätzen - Statistiken

Allgemein
  • Dieses Quiz wurde 95 mal gespielt
  • Das Durchschnittsergebnis liegt bei 6 aus 10
Antwortstatistiken
Frage Antwort % Korrekt
(???) (* 17. Juli 1954 in Hamburg als Angela Dorothea Kasner) ist eine ehemalige deutsche Politikerin (CDU). Sie war vom 22. November 2005 bis zum 8. Dezember 2021 Bundeskanzlerin der Bundesrepublik Deutschland und die achte in dieses Amt gewählte Person. Sie war die erste Frau, die erste nach der Gründung der Bundesrepublik geborene und die einzige in der DDR sozialisierte Person in diesem Amt. Angela Merkel
94%
Ein (???) ist ein tragbares Fernrohr. Es ist überwiegend in binokularer Ausführung auf dem Markt, die es ermöglicht, Objekte mit beiden Augen über getrennte Strahlengänge zu beobachten. Das (???) wird einerseits in einfacher Linsenbauweise als Theaterglas (Opernglas, Galilei-Fernrohr) angeboten, andererseits als Prismenfernglas (Kepler-Fernrohr), das auch Feldstecher genannt wird. In einäugiger Bauweise spricht man von Monokular. Fernglas
94%
(???) ist eine Fernsehserie des ZDF mit dem Ziel unterhaltsamer Wissensvermittlung für Kinder und Erwachsene. Die seit 1981 laufende Sendereihe wurde bekannt durch Peter Lustig, der sie bis Ende 2005 moderierte. Im Oktober 2006 übernahm Guido Hammesfahr als Fritz Fuchs die Moderation der Sendung. Löwenzahn (Fernsehsendung)
94%
(???) (* 5. Mai 1818 in Trier, Rheinprovinz, Preußen; † 14. März 1883 in London) war ein deutscher Philosoph, Ökonom, Gesellschaftstheoretiker, politischer Journalist, Historiker, Protagonist der Arbeiterbewegung sowie Kritiker des Kapitalismus und der Religion. Karl Marx
81%
(???) ist die nach Sizilien, Sardinien und Zypern viertgrößte Insel im Mittelmeer. Sie besteht zu einem großen Teil aus einem Hochgebirge und liegt westlich der Apenninhalbinsel, nördlich von Sardinien und südöstlich der Côte d’Azur. Korsika
81%
(???) ist ein 3D-Jump-’n’-Run-Videospiel, das der japanische Videospielkonzern Nintendo im November 2007 für seine Heimkonsole Wii veröffentlichte. Super Mario Galaxy
50%
Die (???) dauerten von 772 bis etwa 804. Sie begannen im Sommer 772 mit der Zerstörung der Irminsul und einem Feldzug des fränkischen Königs Karl des Großen gegen das Volk der Sachsen und endeten 804 mit der Unterwerfung der sächsischen Nordalbingier und der Ernennung des Missionars Liudger zum ersten Bischof von Münster im Jahr 805. Sachsenkriege Karls des Großen
44%
(???) ist das Debütalbum der US-amerikanischen Sängerin Lady Gaga. Es wurde erstmals im Sommer 2008 veröffentlicht, die internationale Veröffentlichung erfolgte Ende 2008 beziehungsweise Anfang 2009. Mit diesem Album gelang ihr der weltweite Durchbruch. Mit rund 15 Millionen verkauften Exemplaren gehört das Debütalbum sogar zu den erfolgreichsten des Jahrzehnts. Alle Singleauskopplungen erreichten in Deutschland, den Vereinigten Staaten, Australien, Kanada, Österreich und anderen Ländern die Top Ten der Charts. The Fame
31%
(???) ist die römische Göttin des Ackerbaus und der Fruchtbarkeit und gilt als Gesetzgeberin. Sie ist die Tochter der Ops und des Saturn. Im Griechischen heißt (???) Demeter. Sie hatte mit Jupiter zwei Kinder: Proserpina und einen ungenannten Jungen. Die Interpretatio Romana stellt allerdings der eleusinischen Trias Demeter, Iakchos und Kore diejenige von (???), Liber und Libera gebildete aventinische Trias gegenüber. Ceres (Mythologie)
19%
(???) ist ein im Jahr 1987 auf dem Album Bad erschienener und im April 1988 als Single herausgebrachter Song des US-amerikanischen Sängers Michael Jackson. Dirty Diana
13%
Keine übereinstimmenden Quizze gefunden
Verteilung der Resultate
Anzahl Personen mit jedem Resultat
Perzentil nach korrekt beantworteten Fragen
Ihre Resultats-Entwicklung
Sie haben dieses Quiz noch nicht gespielt